[Event "Heraklion Gazi op"]
[Site "Heraklion"]
[Date "2006.09.06"]
[Round "7"]
[White "Christodoulaki, Antonia"]
[Black "Sekadakis, Dimitrios"]
[Result "0-1"]
[WhiteElo "1565"]
[BlackElo "1675"]
[PlyCount "80"]
[EventDate "2006.08.31"]
[EventType "swiss"]
[EventRounds "7"]
[EventCountry "GRE"]
[SourceTitle "EXT 2008"]
[Source "ChessBase"]
[SourceDate "2007.11.25"]
[SourceVersion "1"]
[SourceVersionDate "2007.11.25"]
[SourceQuality "1"]

1. e4 c5 2. b3 b6 3. Bb2 Bb7 4. Nc3 e6 5. d4 cxd4 6. Qxd4 Nc6 7. Qd2 a6 8. a4 Qc7 9. f4 Bb4 10. g3 Nce7 11. Bg2 f5 12. Qd4 Bxc3+ 13. Qxc3 Qxc3+ 14. Bxc3 Nf6 15. Nh3 Rc8 16. Bxf6 gxf6 17. 0-0-0 Bxe4 18. Bxe4 fxe4 19. Rd6 Nd5 20. Rd1 Ke7 21. R6xd5 exd5 22. Rxd5 Rc5 23. Rd4 f5 24. g4 Rc3 25. Ng1 Rhc8 26. Rd2 e3 27. Re2 fxg4 28. h3 h5 29. Kb2 b5 30. axb5 axb5 31. hxg4 hxg4 32. Ka3 d5 33. Kb4 d4 34. Rg2 Rxc2 35. Rxg4 e2 36. Nf3 R2c3 37. Ne1 Rc1 38. Rg1 Ra8 39. Rg7+ Kf6 40. Rg1 Rca1 0-1

[Event "Heraklion Gazi op"]
[Site "Heraklion"]
[Date "2006.09.03"]
[Round "4"]
[White "Christodoulaki, Antonia"]
[Black "Balomenakis, Haralambos"]
[Result "1-0"]
[WhiteElo "1565"]
[BlackElo "1360"]
[PlyCount "97"]
[EventDate "2006.08.31"]
[EventType "swiss"]
[EventRounds "7"]
[EventCountry "GRE"]
[SourceTitle "EXT 2008"]
[Source "ChessBase"]
[SourceDate "2007.11.25"]
[SourceVersion "1"]
[SourceVersionDate "2007.11.25"]
[SourceQuality "1"]

1. e4 e6 2. d4 d5 3. exd5 exd5 4. Bd3 Bd6 5. Ne2 Nf6 6. c3 c6 7. Qc2 h6 8. Bf4 Be7 9. h3 Nbd7 10. Nd2 Nf8 11. Nf3 Ne6 12. Be5 Bd6 13. b3 Bxe5 14. Nxe5 Nd7 15. f4 c5 16. Nxd7 Bxd7 17. f5 Nc7 18. dxc5 Qf6 19. Nd4 0-0 20. 0-0 Qe7 21. b4 Qe3+ 22. Kh1 Rae8 23. Rf3 Qg5 24. Kh2 Re3 25. Rxe3 Qxe3 26. Rf1 Qe5+ 27. Kg1 Qf6 28. Re1 Re8 29. Rxe8+ Bxe8 30. Qe2 Bd7 31. Qe3 a6 32. Qf4 Nb5 33. Nxb5 Bxb5 34. Bxb5 axb5 35. Qb8+ Kh7 36. Qxb7 Qxc3 37. Qxd5 Qe3+ 38. Kf1 Qf4+ 39. Ke2 Qxb4 40. c6 Qb2+ 41. Kd3 Qb1+ 42. Kd4 Qb4+ 43. Ke5 f6+ 44. Ke6 Qe1+ 45. Kd7 Qa5 46. c7 Qa7 47. Qd6 b4 48. Qxb4 h5 49. Kd8 1-0

[Event "Heraklion Gazi op"]
[Site "Heraklion"]
[Date "2006.09.02"]
[Round "3"]
[White "Kallergis, Manousos"]
[Black "Christodoulaki, Antonia"]
[Result "0-1"]
[WhiteElo "1330"]
[BlackElo "1565"]
[PlyCount "74"]
[EventDate "2006.08.31"]
[EventType "swiss"]
[EventRounds "7"]
[EventCountry "GRE"]
[SourceTitle "EXT 2008"]
[Source "ChessBase"]
[SourceDate "2007.11.25"]
[SourceVersion "1"]
[SourceVersionDate "2007.11.25"]
[SourceQuality "1"]

1. e4 c6 2. d4 d5 3. Nc3 dxe4 4. Nxe4 Bf5 5. Ng3 Bg6 6. h4 h6 7. Nf3 Nd7 8. h5 Bh7 9. Bd3 Bxd3 10. Qxd3 Ngf6 11. Bd2 Qc7 12. Qe2 e6 13. 0-0-0 Bd6 14. Nf5 0-0-0 15. Nxd6+ Qxd6 16. g3 Qd5 17. c4 Qe4 18. Be3 Qf5 19. Nd2 Rhe8 20. f3 Qa5 21. Kb1 Nxh5 22. Ne4 Ndf6 23. g4 Nxe4 24. Rxh5 Ng5 25. f4 g6 26. Rxh6 Ne4 27. Rdh1 Ng3 28. Qg2 Nxh1 29. Qxh1 Qb4 30. Qf1 Rh8 31. f5 Rxh6 32. Bxh6 Rxd4 33. fxe6 fxe6 34. c5 Qc4 35. Qf8+ Rd8 36. Qf3 Qd3+ 37. Qxd3 Rxd3 0-1